• 首页
  • 本馆介绍
  • 公告通知
  • 最新文献
  • 馆藏检索
  • 电子资源
  • 读者导购
  • 参考咨询
  • 我的图书馆
  • 登录
  • 详细信息显示
  • 放入我的书架
  • 预约/预借图书
  • 作者相关作品
  • 分类相关作品
  • 丛书相关作品
  • 出版社相关作品

书目信息

  • 表格格式
  • 工作单格式
  • 卡片格式
题名:
普通话闽南方言词典
    
 
作者: 厦门大学中国语言文学研究所汉语方言研究室 主编
分册:  
出版信息: 上海   上海书店发行  1982.10
页数: 1096+213页
开本: 26cm
丛书名:
单 册:
中图分类: H177.2-61
科图分类:
主题词: 闽南语
电子资源:
ISBN:
000 00685nam0 2200193 45
001 0504270906
005 20050428111635.3
010    @dCNY15.50
100    @a20050427d1982 km y0chiy0120 ea
101 0  @achi
105    @a z 000yy
200 1  @a普通话闽南方言词典@APu Tong Hua Min Nan Fang Yan Ci Dian@f厦门大学中国语言文学研究所汉语方言研究室 主编@FXia Men Da Xue Zhong Guo Yu Yan WenXue Yan Jiu Suo Han Yu Fang Yan Yan Jiu Shi Zhu Bian
210    @a上海@c上海书店发行@d1982.10
215    @a1096+213页@d26cm
606 0  @a闽南语
690    @aH177.2-61@v3
701  0 @a厦门大学中国语言文学研究所汉语方言研究室@4主编
801    @aCN@bTSTCL@c20050427
905    @f1@b133208@dH177.2-61@e4
    
    普通话闽南方言词典/厦门大学中国语言文学研究所汉语方言研究室 主编.-上海:上海书店发行,1982.10
    1096+213页;26cm
    
    
    ISBN :CNY15.50
    
●
相关链接 在E读中查询图书 在五车中查询图书 在当当中查询图书 在豆瓣中查询图书


正题名:普通话闽南方言词典     索取号:H177.2-61/4         预约/预借

序号 登录号 条形码 馆藏地/架位号 状态 备注
1 0133208   001566308   第二样本阅览室/ [索取号:H177.2-61/4] 在馆    
唐山师范学院图书馆 欢迎您!
大连网信软件有限公司© 版权所有